<?xml version="1.0" encoding="UTF-8"?>
<collection xmlns="http://www.loc.gov/MARC21/slim">
 <record>
  <leader>00524pamaa2200157   4500</leader>
  <controlfield tag="001">0000015086</controlfield>
  <controlfield tag="005">20070203090000.0</controlfield>
  <datafield tag="020" ind1="0" ind2="0">
   <subfield code="a">0787602566 </subfield>
  </datafield>
  <datafield tag="090" ind1="0" ind2="0">
   <subfield code="a">T15 </subfield>
   <subfield code="b">BRU 1997</subfield>
  </datafield>
  <datafield tag="100" ind1="1" ind2="0">
   <subfield code="a">BRUNO </subfield>
  </datafield>
  <datafield tag="245" ind1="1" ind2="0">
   <subfield code="a">Science and technology firsts  </subfield>
   <subfield code="c">Leonard C. Bruno ; Donna Olendorf, editor ; guest foreword by Daniel J. Boorstin.</subfield>
  </datafield>
  <datafield tag="260" ind1="0" ind2="0">
   <subfield code="a">Detroit: </subfield>
   <subfield code="b">Gale Research, </subfield>
   <subfield code="c">1997.</subfield>
  </datafield>
  <datafield tag="300" ind1=" " ind2=" ">
   <subfield code="a">xv, 636p.: </subfield>
   <subfield code="b">25cm.</subfield>
  </datafield>
  <datafield tag="650" ind1="0" ind2="0">
   <subfield code="a">Technology -- </subfield>
   <subfield code="x">History -- </subfield>
   <subfield code="x">Miscellanea </subfield>
  </datafield>
  <datafield tag="650" ind1="0" ind2="0">
   <subfield code="a">Science -- </subfield>
   <subfield code="x">History -- </subfield>
   <subfield code="x">Miscellanea </subfield>
  </datafield>
  <datafield tag="700" ind1="1" ind2="1">
   <subfield code="a">Olendorf, </subfield>
   <subfield code="h">Donna </subfield>
  </datafield>
 </record>
</collection>
